Sostenibilidad financiera del seguro de pensiones de invalidez, vejez y muerte de la Caja Costarricense de Seguro Social /

Para analizar la sostenibilidad financiera del Régimen de Invalidez, Vejez y Muerte (IVM) de la Caja Costarricense del Seguro Social (CCSS), se desarrolló un modelo que mantiene constantes los beneficios que disfrutan sus afiliados. La investigación permite concluir, que el Seguro de IVM no es soste...

Descripció completa

Guardat en:
Dades bibliogràfiques
Autor principal: Morera Herrera, Rodolfo
Format: Text
Matèries:
Etiquetes: Afegir etiqueta
Sense etiquetes, Sigues el primer a etiquetar aquest registre!

MARC

LEADER 00000 a a2200000 04500
001 3015
003
040
100 |a Morera Herrera, Rodolfo  
245 |a Sostenibilidad financiera del seguro de pensiones de invalidez, vejez y muerte de la Caja Costarricense de Seguro Social /  |c Rodolfo Morera Herrera 
520 |a Para analizar la sostenibilidad financiera del Régimen de Invalidez, Vejez y Muerte (IVM) de la Caja Costarricense del Seguro Social (CCSS), se desarrolló un modelo que mantiene constantes los beneficios que disfrutan sus afiliados. La investigación permite concluir, que el Seguro de IVM no es sostenible de forma indefinida, pues si se mantienen las condiciones actuales enfrentará problemas a partir del 2020  
650 |a PENSIONES DE JUBILACION  
650 |a FINANCIAMIENTO  
650 |a SUBSIDIOS DE INVALIDEZ  
650 |a SUBSIDIOS DE VEJEZ  
650 |a ENVEJECIMIENTO DE LA POBLACION  
650 |a CRECIMIENTO DEMOGRAFICO  
650 |a RECURSOS PRESUPUESTARIOS  
650 |a GASTOS  
650 |a PROYECCIONES  
650 |a SEGURIDAD SOCIAL  
773 |g volumen 22, número 1 -2; páginas 89-112  
999 |c 25038  |d 25038